<?xml version="1.0" encoding="UTF-8"?>
<marc:record xmlns:marc="http://www.loc.gov/MARC21/slim">
   <marc:leader>00000nam a2200000 a 4500</marc:leader>
   <marc:datafield ind1="1" ind2=" " tag="100">
      <marc:subfield code="a">Albizzi, Antonio</marc:subfield>
      <marc:subfield code="4">aut</marc:subfield>
      <marc:subfield code="e">Verfasser/-in</marc:subfield>
   </marc:datafield>
   <marc:datafield ind1="1" ind2=" " tag="100">
      <marc:subfield code="a">Custos, Dominicus</marc:subfield>
   </marc:datafield>
   <marc:datafield ind1=" " ind2=" " tag="653">
      <marc:subfield code="a">s||Genealogische Tafel</marc:subfield>
   </marc:datafield>
   <marc:datafield ind1=" " ind2=" " tag="653">
      <marc:subfield code="a">z||Geschichte 1612</marc:subfield>
   </marc:datafield>
   <marc:datafield ind1=" " ind2=" " tag="653">
      <marc:subfield code="a">s||Herrscher</marc:subfield>
   </marc:datafield>
   <marc:datafield ind1="0" ind2="0" tag="245">
      <marc:subfield code="a">Principvm Christianorvm Stemmata</marc:subfield>
   </marc:datafield>
   <marc:datafield ind1="0" ind2="0" tag="245">
      <marc:subfield code="b">Cum brevibus eiusdem notationib[us] pars ex Archivis Pp. desc. ; Adiecto stem[m]ate Othomannico</marc:subfield>
   </marc:datafield>
   <marc:datafield ind1="0" ind2="0" tag="245">
      <marc:subfield code="c">ab Antonio Albizio Nobilis Florentino Collecta. Opera et Impens. Dominici Custodis Antverp. nunc Civis Aug[usta]ni aeri incisa</marc:subfield>
   </marc:datafield>
   <marc:datafield ind1=" " ind2="1" tag="264">
      <marc:subfield code="a">Augspurg</marc:subfield>
      <marc:subfield code="b">Custos ; Dabertzhofer</marc:subfield>
      <marc:subfield code="c">1612</marc:subfield>
   </marc:datafield>
   <marc:datafield ind1="1" ind2=" " tag="520">
      <marc:subfield code="a">Erscheinungsvermerk lt. Kolophon: Gedruckt zu Augspurg/ bey Chrysostomo Dabertzhofer/ In Verlegung Dominici Custodis. Anno M.DC.XII. Erscheinungsvermerk lt.  Titelbl. in lateinischer Sprache: Augustae Vindelicor. A[nno] M.D.C.X. ... Editio Secvnda, Nvnc Avctior, Et Emendatior. http://zentralbibliothek.kapuziner.at/kupferstiche/provinzbibliothek/provinzbibliothek_3519.jpg.</marc:subfield>
   </marc:datafield>
   <marc:datafield ind1=" " ind2=" " tag="041">
      <marc:subfield code="a">ger</marc:subfield>
   </marc:datafield>
   <marc:datafield ind1=" " ind2=" " tag="500">
      <marc:subfield code="a">Bibliogr. Nachweis: VD17 32:647733U</marc:subfield>
   </marc:datafield>
   <marc:datafield ind1=" " ind2=" " tag="300">
      <marc:subfield code="a">[6], XLVI, [5] Bl. : zahlr. Ill.; 43 cm</marc:subfield>
   </marc:datafield>
</marc:record>
